00876nam a2200253 450000100060000000300080000600500170001400800410003102000280007203500190010004000310011904100080015008200180015810000270017624500700020326000490027330000290032249000620035150400660041360000690047965000300054883000110057883000330058931878BD-RjUL20211209051748.0140422s1990 nyua b 001 0 eng  a082041235X (alk. paper) a(BD-RjUL)31966 aDLCcBD-RjULdBD-RjULbeng aeng a192bALB 19901 aAlam ,Rashidul d1944-10aBertrand Russell's philosophy of logical atomism /cRashidul Alam aNew Delhi : bMittal Publications, c©1990. a231 p. :bill. ;c23 cm.1 aAmerican university studies. Series V, Philosophy,vv. 89 aIncludes bibliographical references (p. [357]-358) and index.10aRussell, Bertrand,d1872-1970xContributions in logical atomism. 0aLogical atomismxHistory. 0vv. 89. 0aAmerican university studies.